| 000 | 00464nam a2200157 a 4500 | ||
|---|---|---|---|
| 001 | 000017803 | ||
| 005 | 20240306073908.0 | ||
| 008 | 100406s1938 dr 000 0 spa d | ||
| 040 |
_aDO-SdBNP _bspa _cBNPHU |
||
| 082 |
_axxx _bT853b |
||
| 100 | 1 |
_aTroncoso Sánchez, Pedro, _d1904-1989 _923599 |
|
| 245 | 1 | 0 |
_aBosquejos filosóficos / _cPedro Troncoso Sánchez. |
| 260 |
_aCiudad Trujillo : _bEditora Montalvo, _c1938. |
||
| 300 |
_a219 p. ; _c20 cm. |
||
| 049 | _aBNPD | ||
| 999 |
_c17328 _d17328 |
||